Tilastot visalle Chile-visa

Klikkaa tästä pelataksesi tätä visaa!

Yleistilastot

  • Tätä visaa on pelattu 280 kertaa
  • Keskiarvotulos 13 / 20

Vastaustilastot

VihjeVastaus% Oikein
NaapurimaaPeru
99%
NaapurimaaArgentiina
98%
NaapurimaaBolivia
98%
Virallinen kieliEspanja
96%
PääkaupunkiSantiago
91%
Vuoristo, joka ulottuu Chilen päästä päähänAndit
87%
ValuuttaPeso
87%
Vuonna 1960 Chilessä oli historian kovimmaksi mitattu tällainen luonnonilmiöMaanjäristys
72%
Metalli, joka kattaa 60 % Chilen viennistäKupari
68%
Eteläisin kohtaKap {Horn}
65%
Tyynenmeren saari, joka tunnetaan myös Rapa Nuina{Pääsiäis}saari
63%
Eteläisin saaristoTulimaa
55%
Vuonna 1971 Nobel-palkinnon voittanut runoilija{Pablo} Neruda
54%
Chilessä on useita tällaisia syviä lahtiaVuonoja
53%
Maailman kuivin aavikkoAtacama
51%
Ojos del Salado on maailman korkeinTulivuori
48%
Chile diktaattori vuosina 1973–1990Augusto Pinochet
41%
Sota, jossa Bolivia menetti rannikkoalueensa Chilelle{Tyynenmeren} sota
36%
Salmi, joka erottaa yllä olevan mantereesta{Magalhãesin}salmi
29%
Chilen merkittävin alkuperäiskansaMapuchet
21%

Tulosjakauma

Persentiili vastausten määrän mukaan

Jokaisen tuloksen saaneiden osuus

Tuloshistoriasi

Et ole pelannut tätä visaa